Online
Catalog

Código de conducta de la compañía de Jesús en Cuba y República Dominicana / (Record no. 49713)

MARC details
000 -CABECERA
campo de control de longitud fija 01839nam a2200325 4500
003 - IDENTIFICADOR DEL NÚMERO DE CONTROL
campo de control OSt
005 - FECHA Y HORA DE LA ÚLTIMA TRANSACCIÓN
campo de control 20220531084013.0
008 - DATOS DE LONGITUD FIJA--INFORMACIÓN GENERAL
campo de control de longitud fija 210409b ||||| |||| 00| 0 eng d
040 #4 - FUENTE DE LA CATALOGACIÓN
Centro catalogador/agencia de origen DO-SdBNP
Lengua de catalogación spa
Centro/agencia transcriptor BNPHU
082 #4 - NÚMERO DE LA CLASIFICACIÓN DECIMAL DEWEY
Número de clasificación 171.1729107293
Número de documento/Ítem V649c
Número de edición 22
100 #1 - ENTRADA PRINCIPAL--NOMBRE DE PERSONA
Código de función/relación Vidal, Javier sj
245 01 - MENCIÓN DE TÍTULO
Título Código de conducta de la compañía de Jesús en Cuba y República Dominicana /
Mención de responsabilidad, etc. Javier Vidal sj
260 ## - PUBLICACIÓN, DISTRIBUCIÓN, ETC.
Lugar de publicación, distribución, etc. [s.l. ] :
Nombre del editor, distribuidor, etc. Compañía de Jesús provincia de las Antillas,
Fecha de publicación, distribución, etc. 2018.
300 ## - DESCRIPCIÓN FÍSICA
Extensión 36 p. :
Dimensiones 22 cm.
500 ## - NOTA GENERAL
Nota general Para mejor proceder ( San Ignacio de Loyola, Costituciónes SJ [134] )
505 ## - NOTA DE CONTENIDO CON FORMATO
Nota de contenido con formato Preámbulo : Fin institucional de la Compañía de Jesús y ayudas para consequirlo
505 ## - NOTA DE CONTENIDO CON FORMATO
Nota de contenido con formato I. Naturaleza y ámbito de aplicación del código --
505 ## - NOTA DE CONTENIDO CON FORMATO
Nota de contenido con formato II.Comportamiento a seguir
505 ## - NOTA DE CONTENIDO CON FORMATO
Nota de contenido con formato A. Comportamiento de la institución
Título a) Respecto de sí mismo --
-- b) Con la iglesia --
-- c) Con la sociedad --
-- d) Con sus destinatarios --
-- e) Con sus empleados y colaboradores --
-- e) Con sus empleados y colaboradores --
-- f)Responsables del cumplimiento de estas obligaciones --
505 ## - NOTA DE CONTENIDO CON FORMATO
Nota de contenido con formato B. Los empleados y colaboradores con la institución
505 ## - NOTA DE CONTENIDO CON FORMATO
Nota de contenido con formato C) Los empleados y colaboradores con los beneficiarios o destinatarios de la misión y la sociedad en general
505 ## - NOTA DE CONTENIDO CON FORMATO
Nota de contenido con formato D) Relaciones personales dentro de la institución
505 ## - NOTA DE CONTENIDO CON FORMATO
Nota de contenido con formato III. Medidas para el cumplimiento del código
Título Anexos: Procediminto para el conocimiento y la resolusió de las posibles infracciones al código del conducta
590 ## - NOTA LOCAL (RLIN)
Nota local Inventariado, 2021 / SA
650 #4 - PUNTO DE ACCESO ADICIONAL DE MATERIA--TÉRMINO DE MATERIA
Término de materia o nombre geográfico como elemento de entrada Ética ocupacional
Subdivisión general Cleo
Subdivisión geográfica República Dominicana
9 (RLIN) 78849
650 #4 - PUNTO DE ACCESO ADICIONAL DE MATERIA--TÉRMINO DE MATERIA
Término de materia o nombre geográfico como elemento de entrada Ética ocupacional
Subdivisión general Cleo
Subdivisión geográfica Cuba
9 (RLIN) 78850
650 #4 - PUNTO DE ACCESO ADICIONAL DE MATERIA--TÉRMINO DE MATERIA
Término de materia o nombre geográfico como elemento de entrada Etica ocupacional
Subdivisión general Compañía de Jesus
Subdivisión geográfica República Dominicana
9 (RLIN) 78851
910 ## - DATOS DE OPCIÓN DEL USUARIO (OCLC)
Datos de opción del usuario S/A
942 ## - ELEMENTOS DE PUNTO DE ACCESO ADICIONAL (KOHA)
Fuente del sistema de clasificación o colocación Dewey Decimal Classification
Tipo de ítem Koha Folleto
Holdings
Estado de retiro Estado de pérdida Fuente del sistema de clasificación o colocación Restricciones de uso No para préstamo Código de colección Localización permanente Ubicación/localización actual Ubicación en estantería Fecha de adquisición Fuente de adquisición Total de préstamos Signatura topográfica completa Código de barras Fecha visto por última vez Precio válido a partir de Tipo de ítem Koha
    Dewey Decimal Classification Excluido de préstamo Excluido de préstamo Monografías: Libros y Folletos Biblioteca Nacional Pedro Henríquez Ureña Patrimonio Dominicano En catalogación 09.04.2021 Deposito Legal   171.1729107293 V649c 2021-1353 09.04.2021 09.04.2021 Folleto

Powered by Koha